00316 a2200121 450000500170000002000180001708200160003510000150005124500390006626000350010530000230014070000310016320250628101407.0 a0-13-175118-2 a658.007 CON aCONDIE, J. aContemporary Management in Canada. aCanada,bPrentice Hall,c1992. a341p.: ill.;c28cm aSEXTY, R. W. [...et al...]